MyGZULibrary

International banking : (Record no. 7994)

MARC details
000 -LEADER
fixed length control field 01075cam a22003014a 4500
001 - CONTROL NUMBER
control field 12286164
003 - CONTROL NUMBER IDENTIFIER
control field GZU
005 - DATE AND TIME OF LATEST TRANSACTION
control field 20210513125115.0
008 - FIXED-LENGTH DATA ELEMENTS--GENERAL INFORMATION
fixed length control field 010123s2002 maua b 001 0 eng
010 ## - LIBRARY OF CONGRESS CONTROL NUMBER
LC control number 2001018867
020 ## - INTERNATIONAL STANDARD BOOK NUMBER
International Standard Book Number 0201635356
040 ## - CATALOGING SOURCE
Original cataloging agency DLC
Transcribing agency DLC
Modifying agency DLC
042 ## - AUTHENTICATION CODE
Authentication code pcc
050 00 - LIBRARY OF CONGRESS CALL NUMBER
Classification number HG3881
Item number .HUG 2002
082 00 - DEWEY DECIMAL CLASSIFICATION NUMBER
Classification number 332.15
Edition number 21
100 1# - MAIN ENTRY--PERSONAL NAME
Personal name Hughes, Jane E.
Fuller form of name (Jane Elizabeth)
245 10 - TITLE STATEMENT
Title International banking :
Remainder of title text and cases /
Statement of responsibility, etc. Jane E. Hughes, Scott B. MacDonald.
260 ## - PUBLICATION, DISTRIBUTION, ETC.
Place of publication, distribution, etc. Boston, MA :
Name of publisher, distributor, etc. Addison Wesley,
Date of publication, distribution, etc. c2002.
300 ## - PHYSICAL DESCRIPTION
Extent xvii, 484 p. :
Other physical details ill. ;
Dimensions 24 cm.
440 #4 - SERIES STATEMENT/ADDED ENTRY--TITLE
Title The Addison-Wesley series in finance
504 ## - BIBLIOGRAPHY, ETC. NOTE
Bibliography, etc. note Includes bibliographical references (p. 463-467) and index.
650 #0 - SUBJECT ADDED ENTRY--TOPICAL TERM
Topical term or geographic name entry element Banks and banking, International.
700 1# - ADDED ENTRY--PERSONAL NAME
Personal name MacDonald, Scott B.
906 ## - LOCAL DATA ELEMENT F, LDF (RLIN)
a 7
b cbc
c orignew
d 1
e ocip
f 20
g y-gencatlg
942 ## - ADDED ENTRY ELEMENTS (KOHA)
Source of classification or shelving scheme Library of Congress Classification
Koha item type Books
Classification part 3881
Item part HUG
Call number prefix HG
Holdings
Withdrawn status Lost status Damaged status Not for loan Collection code Home library Current library Shelving location Date acquired Total Checkouts Full call number Barcode Date last seen Copy number Price effective from Koha item type
        Non-fiction Mashava Campus Library Mashava Campus Library General Stacks 05/13/2021   HG3881HUG2002 022926 05/13/2021 c.1 05/13/2021 Books
        Non-fiction Mashava Campus Library Mashava Campus Library General Stacks 05/13/2021   HG3881HUG2002 022924 05/13/2021 c.2 05/13/2021 Books
        Non-fiction Mashava Campus Library Mashava Campus Library General Stacks 05/13/2021   HG3881HUG2002 022925 05/13/2021 c.3 05/13/2021 Books